000 004970000a22001930004500
001 002804
003 MACL
005 20150919112008.0
008 150919b xxu||||| |||| 00| 0 eng d
040 _aMACL
_cMACL
041 _aEnglish
082 _a824/HAS
100 _aHasan, Nurul
_911926
245 _aReligion, State, and Society in Medivial India
_cNurul Hasan
260 _aNew Delhi
_c2007
_bOxford University Press,
350 _a650
650 _aEssays
_911927
942 _k824
_cBK
_2ddc
999 _c14712
_d14712